|
|
|
|
| LEADER |
00840cam a2200217 7i4500 |
| 001 |
0000044111 |
| 005 |
20121022090000.0 |
| 020 |
|
|
|a 9793465263 (pbk.)
|
| 090 |
0 |
0 |
|a JC49
|b .M282 2003
|
| 100 |
0 |
|
|a Azhary, Tahir,
|c Prof. Dr
|
| 245 |
1 |
0 |
|a Negara hukum :
|b suatu studi tentang prinsip-prinsipnya dilihat dari segi hukum Islam, implementasinya pada periode negara Madinah dan masa kini
|c Prof. Dr. Muhammad Tahir Azhary.
|
| 250 |
|
|
|a 2nd ed.
|
| 260 |
|
|
|a Jakarta, Indonesia:
|b Kencana,
|c 2003.
|
| 300 |
|
|
|a vii, 314 p.:
|b ill.;
|c 23 cm.
|
| 650 |
0 |
0 |
|a Islam --
|z Indonesia
|
| 650 |
0 |
0 |
|a Islam and state
|
| 651 |
|
0 |
|a Indonesia --
|x Politics and government
|
| 997 |
|
|
|a Centre for Graduate Studies
|
| 998 |
|
|
|a Curriculum Management, Master
|
| 998 |
|
|
|a Education Management, Master
|
| 999 |
|
|
|a 0000053896
|b BOK
|c OPEN SHELF
|e 1st Floor, Shah Alam
|